| 000 | 00454nam a2200169Ia 4500 | ||
|---|---|---|---|
| 003 | OSt | ||
| 005 | 20230607100751.0 | ||
| 008 | 210423s1986 xx 000 0 und d | ||
| 040 | _cAL | ||
| 041 | _aeng | ||
| 082 |
_a364 _223 _bUNCP |
||
| 245 | _aCrime presentation and criminal justice newsletter. | ||
| 260 |
_aVienna _bUnited Nations _c1986 |
||
| 365 | _cINR | ||
| 906 | _aCrime ; criminal ; justice ; newsletter. ; presentation | ||
| 942 |
_2ddc _cBK |
||
| 999 |
_c174985 _d174985 |
||